SSC Stenographers (Grade C &D): (Record no. 193098)

MARC details
000 -LEADER
fixed length control field 00635nam a22001937a 4500
005 - DATE AND TIME OF LATEST TRANSACTION
control field 20221014164453.0
010 ## - LCCN (DPL NO)
LC control number B-745970
020 ## - INTERNATIONAL STANDARD BOOK NUMBER
International Standard Book Number 9789353227487
Terms of availability 195.00
035 ## - SYSTEM CONTROL NUMBER
System control number B-745970
037 ## - SOURCE OF ACQUISITION
Source of stock number/acquisition Prabhat Paperbacks
082 ## - DEWEY DECIMAL CLASSIFICATION NUMBER
Classification number 000
245 ## - TITLE STATEMENT
Title SSC Stenographers (Grade C &D):
Remainder of title computer based examination (CBE)-2021 10practice sets/
260 ## - PUBLICATION, DISTRIBUTION, ETC. (IMPRINT)
Place of publication, distribution, etc New Delhi
Name of publisher, distributor, etc Prabhat Paperbacks
Date of publication, distribution, etc 2018
270 ## - ADDRESS
Address 4/19 Asaf Ali Road
City New Delhi
Postal code 110002
300 ## - PHYSICAL DESCRIPTION
Extent 332p.
Dimensions 24cm(pbk)
500 ## - GENERAL NOTE
General note Index,1-7
942 ## - ADDED ENTRY ELEMENTS (KOHA)
Source of classification or shelving scheme Dewey Decimal Classification
Item type English Books
Call number suffix SSC
Classification part 000
Holdings
Withdrawn status Lost status Not for loan Collection code Home library Current library Date acquired Source of acquisition Cost, normal purchase price Full call number Barcode Copy number Cost, replacement price Koha item type Public note
      Non-fiction Kadipur Kadipur 14/10/2022 6.10.22/Gift 195.00 000 SSC B-745970 1 195.00 English Books Gift

© Delhi Public Library
Hit Counter
free hit counter